1093 1727 1364 1368 1435 1056 1228 1100 1421 1163 1541 1647 1647 1610 1123 1981 1223 1759 1894 1609 1392 1998 1819 1992 1391 1245 1229 1592 1822 1112 1328 1161 1799 1139 1047 1020 1412 1059 1115 1470 1205 1438 1608 1311 1231 1374 1515 1111 1457 1006 1998 1943 1044 1641 1053 1666 1826 1695 1133 1864 1429 1925 1775 1258 1286 1735 1292 1695 1681 1497 1445 1994 1266 1706 1694 1765 1807 1066 1725 1813 1590 1296 1225 1219 1325 1641 1880 1042 1322 1546 1316 1138 1999 1705 1529 1736 1064 1000 1022 BCNSPRNW ULIB Ver.6.0+V

เปลี่ยนเป็นภาษาไทย

Change to English
 แสดงรายละเอียดบรรณานุกรม
  กลับหน้าหลัก

Brief Record : Get Marc (ISO 2709) : E-mail record : QR code < ปิดหน้าต่าง
LEADER : 00000nam 2200000uu 4500
001    13399126262
003     ULIB
008    180827s2560||||th 000 0 tha d
020    ^a9786164455221
060    ^aWS320^bก23ป
100    ^aกาญจนา ตั้งนรารัชชกิจ, บรรณาธิการ
245    ^aปัญหาสารน้ำอิเล็กโทรไลต์และโรคไตในเด็ก/^bกาญจนา ตั้งนรารัชชกิจ, บรรณาธิการ
250    ^aพิมพ์ครั้งที่ 5
260    ^aกรุงเทพฯ :^bเนติกุลการพิมพ์,^c2560
300    ^a628 หน้า
650    ^aไต, โรค--ในวัยทารกและวัยเด็ก
650  0 ^aสารน้ำในร่างกาย
650  0 ^aน้ำ--อิเล็กโทรไลต์ไม่สมดุล--ในวัยทารกและวัยเด็ก
945    ^p880^l0^i004432
945    ^p880^l0^i004430
945    ^p880^l0^i004431
999    ^aประนอม เกษจรัล
รายการนี้ยังไม่มีแท็ก
คุณยังไม่ได้ล็อกอิน คุณสามารถมีกิจกรรมร่วมกับเว็บไซต์ได้ แต่ต้องล็อกอินก่อน ::
  ล็อกอิน

รายการสื่อสารสนเทศ

ลำดับที่ ประเภท เลขเรียก/บาร์โค้ด สถานที่ สถานะ
1. วิทยาศาสตร์การแพทย์ และสุขภาพ
หนังสือสำรอง
สถานะ=หนังสือสำรอง
WS320 ก23ป ฉ.1 
  Barcode: 004430
ห้องสมุดวิทยาเขตสวรรค์ประชารักษ์
►หนังสือทั่วไป
บนชั้น
2. วิทยาศาสตร์การแพทย์ และสุขภาพ
วิทยาศาสตร์การแพทย์ และสุขภาพ
WS320 ก23ป ฉ.2 
  Barcode: 004431
ห้องสมุดวิทยาเขตสวรรค์ประชารักษ์
►หนังสือทั่วไป
บนชั้น
3. วิทยาศาสตร์การแพทย์ และสุขภาพ
วิทยาศาสตร์การแพทย์ และสุขภาพ
WS320 ก23ป ฉ.3 
  Barcode: 004432
ห้องสมุดวิทยาเขตสวรรค์ประชารักษ์
►หนังสือทั่วไป
บนชั้น

รายการใกล้เคียง
    ผู้แต่ง [กาญจนา ตั้งนรารัชชกิจ, บรรณาธิการ]

    หัวเรื่อง [ไต, โรค--ในวัยทารกและวัยเด็ก]
    หัวเรื่อง [สารน้ำในร่างกาย]
    หัวเรื่อง [น้ำ--อิเล็กโทรไลต์ไม่สมดุล--ในวัยทารกและวัยเด็ก]

BibComment


ยังไม่เคยถูกคอมเมนท์

คอมเมนท์ทรัพยากรรายการนี้
  คอมเมนท์: ปัญหาสารน้ำอิเล็..


 Copyright 2026. Bcnsprnw @Library